Beloved (Record no. 19901)

MARC details
000 -LEADER
fixed length control field 00643nam a2200253 a 4500
005 - DATE AND TIME OF LATEST TRANSACTION
control field 20180203105159.0
008 - FIXED-LENGTH DATA ELEMENTS--GENERAL INFORMATION
fixed length control field 960221s1955 dcuabcdjdbkoqu001 0deng d
080 ## - UNIVERSAL DECIMAL CLASSIFICATION NUMBER
Universal Decimal Classification number F
Item number MORR/B
100 ## - MAIN ENTRY--PERSONAL NAME
Personal name Morrison, Toni
245 ## - TITLE STATEMENT
Title Beloved
260 ## - PUBLICATION, DISTRIBUTION, ETC. (IMPRINT)
Place of publication, distribution, etc New York
Name of publisher, distributor, etc Penguin
Date of publication, distribution, etc 1987
300 ## - PHYSICAL DESCRIPTION
Extent 338p.
500 ## - GENERAL NOTE
General note
653 ## - INDEX TERM--UNCONTROLLED
Uncontrolled term English
-- English Literature
-- Literature
-- Fiction
942 ## - ADDED ENTRY ELEMENTS (KOHA)
item type Books
003 - CONTROL NUMBER IDENTIFIER
control field ViArRB
Holdings
Lost status Source of classification or shelving scheme Not for loan Home library Current library Date acquired Total Checkouts Total Renewals Full call number Barcode Date last seen Date checked out Price effective from Koha item type
  Universal Decimal Classification   University Library University Library 16/06/2010 9 1 F MORR/B 00040579 19/01/2026 19/03/2025 16/06/2010 Books
University Library, CUSAT